| 000 | 00000nam##2200000za#4500 |
| 001 | 9.587843 |
| 003 | CaOODSP |
| 005 | 20210624194830 |
| 007 | cr ||||||||||| |
| 008 | 150406|2002||||xxc|||||o f|0| 0 eng|d |
| 040 | |aCaOODSP|beng |
| 041 | |aeng |
| 041 | |afre |
| 043 | |an-cn--- |
| 086 | 1 |aSP2-6/2001-PDF |
| 110 | 1 |aCanada. |bQueen's Printer. |
| 245 | 10|aBanks, trust companies and loan companies - unclaimed balances : |h[electronic resource]|breported as at December 31, 2001 by banks, trust companies and loan companies |
| 260 | |aOttawa - Ontario : |bQueen's Printer |c2002. |
| 300 | |a500p.|btables |
| 490 | 1 |aCanada gazette, Part I. Supplement|vJune 1, 2002 |
| 590 | |a11-19-Supp|b2011-09-23 |
| 690 | 07|aBanks|2gcpds |
| 690 | 07|aCredit unions|2gcpds |
| 690 | 07|aTrust companies|2gcpds |
| 776 | 0#|tBanques, sociétés de fiducie et sociétés de prêt: soldes non réclamés : |w(CaOODSP)9.536713 |
| 792 | |tBanques, sociétés de fiducie et sociétés de prêt - soldes non réclamés : |efre|w(CaOODSP)9.587844 |
| 830 | #0|aCanada gazette, part I. Supplement ;|vJune 1, 2002|w(CaOODSP)9.500175 |
| 856 | 40|ahttp://publications.gc.ca|qPDF|s2.77 MB|uhttps://publications.gc.ca/collections/Collection/SP2-6-2001.pdf|yJune 1, 2002 |